[Event "DEM U12 2011"]
[Site "Oberhof GER"]
[Date "2011.06.13"]
[Round "4"]
[White "Blösch, Christoph"]
[Black "Schmekel, Florian"]
[Result "0-1"]
[Termination "normal"]
[Board "24"]
[WhiteElo "1504"]
[BlackElo "1544"]
[PlyCount "96"]
[WhiteFideId "12918121"]
[BlackFideId "12913456"]
[EventCountry "GER"]
[EventRounds "11"]
[EventType "swiss"]
[EventDate "2011.06.11"]

1. f4 d5 2. Nf3 g6 3. e3 Bg7 4. d4 Nf6 5. c3 Bf5 6. Bd3 Bxd3 7. Qxd3 O-O 8. O-O
Nbd7 9. Nbd2 e6 10. Ne5 c5 11. Ndf3 c4 12. Qc2 Ne4 13. Bd2 f5 14. Be1 Nxe5 15.
fxe5 Bh6 16. Qe2 b5 17. Bh4 Qd7 18. Nd2 Nxd2 19. Qxd2 a5 20. Bf6 b4 21. Rf3
bxc3 22. Qxc3 Bg7 23. Bxg7 Qxg7 24. Rc1 Qb7 25. Rf2 Qb4 26. Rb1 Rfb8 27. Qc2
Ra7 28. h3 Rab7 29. Re2 Qe7 30. Qa4 Qc7 31. Rc1 Rb4 32. Qc2 Qb6 33. Rb1 a4 34.
Ree1 Qb5 35. Qd1 Qa5 36. Qc1 Rxb2 37. Rxb2 Rxb2 38. Qxb2 Qxe1+ 39. Kh2 c3 40.
Qb8+ Kg7 41. Qc7+ Kh6 42. Qe7 Qf2 43. h4 Qxe3 44. Qf8+ Kh5 45. Qg7 Qf4+ 46. g3
Qd2+ 47. Kh3 c2 48. Qxh7+ Qh6 0-1

[Event "DEM U12 2011"]
[Site "Oberhof GER"]
[Date "2011.06.13"]
[Round "4"]
[White "Blumenthal, Clemens"]
[Black "Schmidt, Tobias"]
[Result "0-1"]
[Termination "normal"]
[Board "25"]
[WhiteElo "1494"]
[BlackElo "1580"]
[PlyCount "56"]
[WhiteFideId "12938050"]
[BlackFideId "1271683"]
[EventCountry "GER"]
[EventRounds "11"]
[EventType "swiss"]
[EventDate "2011.06.11"]

1. e4 e6 2. d4 d5 3. e5 c5 4. c3 Qb6 5. Nf3 Nc6 6. a3 Nh6 7. Bd3 cxd4 8. cxd4
Bd7 9. Be2 Nf5 10. Be3 Qxb2 11. Nbd2 Ncxd4 12. Nxd4 Nxd4 13. Rb1 Nc2+ 14. Kf1
Nxe3+ 15. fxe3 Qxe5 16. Rxb7 Bc6 17. Bb5 Bxb5+ 18. Rxb5 Be7 19. Rb7 O-O 20. Nf3
Qf6 21. Ke2 Rfb8 22. Qb1 Bd6 23. Rf1 Rxb7 24. Qxb7 Rb8 25. Qxa7 Rb2+ 26. Nd2
Rxd2+ 27. Kxd2 Qxf1 28. Qa8+ Bf8 0-1

[Event "DEM U12 2011"]
[Site "Oberhof GER"]
[Date "2011.06.13"]
[Round "4"]
[White "Rausch, Adrian"]
[Black "Kololli, Kevin"]
[Result "1/2-1/2"]
[Termination "normal"]
[Board "26"]
[WhiteElo "1469"]
[BlackElo "1596"]
[PlyCount "59"]
[WhiteFideId "12929069"]
[BlackFideId "12936863"]
[EventCountry "GER"]
[EventRounds "11"]
[EventType "swiss"]
[EventDate "2011.06.11"]

1. d4 Nf6 2. c4 c5 3. d5 b5 4. cxb5 a6 5. bxa6 Bxa6 6. Nc3 d6 7. g3 g6 8. Bg2
Bg7 9. Nf3 O-O 10. Rb1 Nbd7 11. O-O Nb6 12. b3 Qc7 13. Re1 Nbd7 14. Bb2 Rfb8
15. e4 c4 16. Nd4 Ne5 17. Nc6 Nxc6 18. dxc6 cxb3 19. axb3 e6 20. f4 Ne8 21. e5
d5 22. Rc1 Rb6 23. Bxd5 exd5 24. Nxd5 Qb8 25. Nxb6 Qxb6+ 26. Bd4 Qc7 27. b4 Bb5
28. Rc5 Rb8 29. Qc2 Bf8 30. e6 1/2-1/2

[Event "DEM U12 2011"]
[Site "Oberhof GER"]
[Date "2011.06.13"]
[Round "4"]
[White "Brandl, Lea Maria"]
[Black "Halas, Julia"]
[Result "1-0"]
[Termination "normal"]
[Board "27"]
[WhiteElo "1546"]
[BlackElo "1424"]
[PlyCount "59"]
[WhiteFideId "24693049"]
[BlackFideId "12931810"]
[EventCountry "GER"]
[EventRounds "11"]
[EventType "swiss"]
[EventDate "2011.06.11"]

1. d4 d5 2. c4 e6 3. Nc3 Nf6 4. Bg5 Nbd7 5. Nf3 Be7 6. e3 O-O 7. Rc1 c6 8. Qc2
Re8 9. Bd3 h6 10. Bh4 dxc4 11. Bxc4 Nb6 12. Bd3 Nbd5 13. a3 Nb6 14. O-O Nfd5
15. Bg3 Bd6 16. Bxd6 Qxd6 17. Rfd1 Qe7 18. Ne5 Nd7 19. Nxd7 Bxd7 20. Ne4 e5 21.
dxe5 Qxe5 22. Nc5 Bg4 23. Rd2 Rab8 24. h3 Bc8 25. b4 Qg5 26. Ne4 Qe5 27. Qc5 a6
28. Nd6 Re6 29. Nc4 Qg5 30. Qa7 1-0

[Event "DEM U12 2011"]
[Site "Oberhof GER"]
[Date "2011.06.13"]
[Round "4"]
[White "Bugdahl, Felix"]
[Black "Nobis, Anna"]
[Result "1-0"]
[Termination "normal"]
[Board "28"]
[WhiteElo "1350"]
[BlackElo "1572"]
[PlyCount "101"]
[WhiteFideId "12938092"]
[BlackFideId "1270302"]
[EventCountry "GER"]
[EventRounds "11"]
[EventType "swiss"]
[EventDate "2011.06.11"]

1. e4 c5 2. Nf3 Nc6 3. d4 cxd4 4. Nxd4 e5 5. Nb3 d6 6. Nc3 Be6 7. Nd5 Be7 8.
Be3 Nf6 9. f3 O-O 10. Qd2 Rb8 11. Bc4 b5 12. Nxf6+ Bxf6 13. Bd5 Bxd5 14. exd5
Nd4 15. Bxd4 exd4 16. O-O Qb6 17. Kh1 d3 18. c3 b4 19. Qxd3 bxc3 20. bxc3 Rbc8
21. Rac1 Rfe8 22. Nd4 Qb2 23. Nb5 Re2 24. Na3 Qxa2 25. Rfd1 g6 26. Ra1 Qb2 27.
Nc4 Qc2 28. Qxc2 Rxc2 29. Nxd6 R8xc3 30. Ne4 Rc6 31. dxc6 Bxa1 32. Rxa1 Rxc6
33. g4 Rc7 34. Nf6+ Kh8 35. Rd1 Rb7 36. g5 Rb8 37. Rd7 Rf8 38. Rxa7 Kg7 39. h4
h6 40. Kg2 hxg5 41. hxg5 Rd8 42. Ng4 Re8 43. Nh6 Rf8 44. Kg3 Kh8 45. Nxf7+ Kg8
46. Nh6+ Kh8 47. Ng4 Rg8 48. f4 Rg7 49. Ra8+ Rg8 50. Rxg8+ Kxg8 51. Nh6+ 1-0

[Event "DEM U12 2011"]
[Site "Oberhof GER"]
[Date "2011.06.13"]
[Round "4"]
[White "Angrick, Philipp"]
[Black "Sadewasser, Lucie"]
[Result "1/2-1/2"]
[Termination "normal"]
[Board "29"]
[WhiteElo "1834"]
[BlackElo "1361"]
[PlyCount "54"]
[WhiteFideId "12912298"]
[BlackFideId "12905445"]
[EventCountry "GER"]
[EventRounds "11"]
[EventType "swiss"]
[EventDate "2011.06.11"]

1. e4 e5 2. Nf3 Nc6 3. d4 exd4 4. Bc4 Bc5 5. c3 Nf6 6. e5 d5 7. Bb3 Ne4 8. cxd4
Bb4+ 9. Bd2 Nxd2 10. Nbxd2 Bg4 11. Ba4 O-O 12. a3 Bxf3 13. gxf3 Ba5 14. Bxc6
bxc6 15. b4 Bb6 16. Nb3 Re8 17. f4 Rb8 18. Qg4 Qf6 19. Kd2 Qh6 20. h4 f6 21.
Kd3 Rbd8 22. Rac1 fxe5 23. fxe5 Rf8 24. Rh2 Rf4 25. Qg5 Qxg5 26. hxg5 Rdf8 27.
Re1 Rxf2 1/2-1/2

[Event "DEM U12 2011"]
[Site "Oberhof GER"]
[Date "2011.06.13"]
[Round "4"]
[White "Gheng, Christian"]
[Black "Kast, Larissa"]
[Result "1-0"]
[Termination "normal"]
[Board "30"]
[WhiteElo "1679"]
[BlackElo "1158"]
[PlyCount "99"]
[WhiteFideId "24660345"]
[BlackFideId "24699055"]
[EventCountry "GER"]
[EventRounds "11"]
[EventType "swiss"]
[EventDate "2011.06.11"]

1. e4 e5 2. Nf3 Nc6 3. Bb5 a6 4. Ba4 Nf6 5. O-O Be7 6. Re1 b5 7. Bb3 O-O 8. c3
d5 9. d3 dxe4 10. dxe4 Qxd1 11. Bxd1 Rd8 12. Bb3 Bc5 13. Bg5 Rd6 14. Nbd2 Ng4
15. Bh4 h6 16. a4 Bb7 17. h3 g5 18. Bg3 Nf6 19. Nxe5 Rf8 20. Ndf3 Nxe5 21. Bxe5
Rb6 22. Bxf6 Rxf6 23. e5 Rf4 24. e6 Bxf3 25. exf7+ Kg7 26. gxf3 Rxf3 27. Re2
Rxh3 28. axb5 axb5 29. Re5 Rh4 30. Rxc5 Rg4+ 31. Kh2 Rh4+ 32. Kg3 Rf4 33. Re1
c6 34. Ree5 Kg6 35. Rxc6+ Kg7 36. Re8 h5 37. Rxf8 Kxf8 38. Rc8+ Kg7 39. Rg8+
Kh6 40. f8=Q+ Rxf8 41. Rxf8 Kg7 42. Rg8+ Kf6 43. Bd5 Kf5 44. Rb8 h4+ 45. Kg2 g4
46. Rxb5 Kf4 47. Rb4+ Kf5 48. Be6+ Kxe6 49. Rxg4 h3+ 50. Kxh3 1-0

[Event "DEM U12 2011"]
[Site "Oberhof GER"]
[Date "2011.06.13"]
[Round "4"]
[White "Wächter, Nathalie"]
[Black "Oberhofer, Marie"]
[Result "1-0"]
[Termination "normal"]
[Board "31"]
[WhiteElo "1707"]
[BlackElo "1068"]
[PlyCount "111"]
[WhiteFideId "12921033"]
[BlackFideId "12938165"]
[EventCountry "GER"]
[EventRounds "11"]
[EventType "swiss"]
[EventDate "2011.06.11"]

1. e4 e5 2. Nf3 Nc6 3. Bc4 Bc5 4. c3 Nf6 5. d3 O-O 6. O-O d5 7. exd5 Nxd5 8.
Re1 Be6 9. Nxe5 Nxe5 10. Rxe5 Bxf2+ 11. Kh1 Re8 12. Bd2 Nb6 13. Bxe6 Rxe6 14.
Rxe6 fxe6 15. Qe2 Qf6 16. Na3 Bc5 17. Rf1 Qe7 18. Nc2 Nd7 19. d4 Bd6 20. Rf3
Re8 21. Rh3 Rf8 22. Qd3 g6 23. Ne1 Qf6 24. Rf3 Qe7 25. Bh6 Rxf3 26. Nxf3 Qf7
27. Qb5 Nb6 28. Ng5 Qf5 29. Qe8+ Bf8 30. Qxf8+ Qxf8 31. Bxf8 Kxf8 32. Nxe6+ Kf7
33. Nxc7 Nc4 34. b3 Ne3 35. Kg1 Ke7 36. c4 Kd7 37. Nd5 Nxd5 38. cxd5 Kd6 39.
Kf2 Kxd5 40. Ke3 a6 41. a3 b6 42. a4 h6 43. g4 g5 44. h3 a5 45. Kd3 Kc6 46. Kc4
Kd6 47. d5 Kc7 48. Kb5 Kd6 49. Kxb6 Kxd5 50. Kxa5 Kc5 51. b4+ Kc6 52. Ka6 Kc7
53. b5 Kb8 54. b6 Kc8 55. b7+ Kb8 56. a5 1-0

[Event "DEM U12 2011"]
[Site "Oberhof GER"]
[Date "2011.06.13"]
[Round "4"]
[White "Schulte, Felix"]
[Black "Torgashov, Katerina"]
[Result "1-0"]
[Termination "normal"]
[Board "32"]
[WhiteElo "1573"]
[BlackElo "1043"]
[PlyCount "101"]
[WhiteFideId "12914800"]
[BlackFideId "12938173"]
[EventCountry "GER"]
[EventRounds "11"]
[EventType "swiss"]
[EventDate "2011.06.11"]

1. e4 e5 2. Nf3 Nc6 3. Bc4 Nf6 4. Ng5 d5 5. exd5 Nxd5 6. d4 Be7 7. Nxf7 Kxf7 8.
Qf3+ Ke8 9. Bxd5 Rf8 10. Bxc6+ bxc6 11. Qh5+ g6 12. Qxe5 Bf5 13. c3 Kf7 14. O-O
Bd6 15. Qe3 Kg8 16. Nd2 Qf6 17. Ne4 Bxe4 18. Qxe4 c5 19. dxc5 Bxc5 20. Qd5+ Qf7
21. Qxc5 Qf6 22. Qxc7 Rf7 23. Qg3 Re8 24. Be3 Rb7 25. Bd4 Qf7 26. b4 Rd7 27. a4
Ra8 28. Qf3 Qe8 29. Qf6 Qf8 30. Qxf8+ Kxf8 31. b5 Rb7 32. Rfb1 Ke7 33. a5 Rd7
34. b6 axb6 35. Bxb6 Kd6 36. Rd1+ Kc6 37. Rxd7 Kxd7 38. c4 Rc8 39. c5 Kc6 40.
a6 Ra8 41. h4 h5 42. a7 Kb7 43. Rd1 Ka6 44. Rd6 Kb7 45. Rxg6 Rh8 46. f4 Rf8 47.
f5 Re8 48. f6 Rc8 49. f7 Rf8 50. Rg8 Rxg8 51. fxg8=Q 1-0

[Event "DEM U12 2011"]
[Site "Oberhof GER"]
[Date "2011.06.13"]
[Round "4"]
[White "Burg, Niclas"]
[Black "Hartmann, Jakob"]
[Result "1/2-1/2"]
[Termination "normal"]
[Board "33"]
[WhiteElo "1311"]
[BlackElo "1567"]
[PlyCount "134"]
[WhiteFideId "1271968"]
[BlackFideId "12918067"]
[EventCountry "GER"]
[EventRounds "11"]
[EventType "swiss"]
[EventDate "2011.06.11"]

1. e4 d5 2. exd5 Qxd5 3. Nc3 Qd6 4. g3 Nf6 5. Bg2 c6 6. Nf3 Bg4 7. d4 e6 8. O-O
Nbd7 9. h3 Bh5 10. Bf4 Qb4 11. Rb1 Nd5 12. Nxd5 cxd5 13. a3 Qb6 14. b3 Bxa3 15.
c4 O-O 16. c5 Qd8 17. b4 a5 18. bxa5 Bxc5 19. dxc5 Nxc5 20. Rb5 Rxa5 21. Rxa5
Qxa5 22. g4 Bg6 23. Qa1 Qd8 24. Qa7 Nd3 25. Be3 b5 26. Qb6 Qxb6 27. Bxb6 Rb8
28. Bd4 b4 29. Ne5 b3 30. Nxd3 Bxd3 31. Rc1 f6 32. Bb2 Bc2 33. Re1 Kf7 34. Ra1
Rd8 35. Ra7+ Kg8 36. Kf1 d4 37. Ke1 d3 38. Kd2 Rc8 39. Be4 h6 40. Rd7 Bb1 41.
Bxd3 Bxd3 42. Kxd3 Rc2 43. Ba3 Rxf2 44. Ke4 Ra2 45. Bc1 b2 46. Bxb2 Rxb2 47.
Kf4 Rb4+ 48. Kf3 Kh7 49. h4 Kg6 50. h5+ Kh7 51. Re7 e5 52. Kg3 Rf4 53. Rf7 Kg8
54. Re7 Kf8 55. Rd7 Rc4 56. Kf3 Rc8 57. Ke4 Re8 58. Rc7 Re7 59. Rc8+ Kf7 60.
Rc6 g6 61. Rd6 Rc7 62. Kd5 Ke7 63. Rb6 Rd7+ 64. Ke4 gxh5 65. gxh5 Rd4+ 66. Kf5
Rd1 67. Kg6 Rd6 1/2-1/2

[Event "DEM U12 2011"]
[Site "Oberhof GER"]
[Date "2011.06.13"]
[Round "4"]
[White "Denkert, Anna"]
[Black "Tiedemann, Fin Niklas"]
[Result "1-0"]
[Termination "normal"]
[Board "34"]
[WhiteElo "1173"]
[BlackElo "1525"]
[PlyCount "113"]
[WhiteFideId "12938122"]
[BlackFideId "12936936"]
[EventCountry "GER"]
[EventRounds "11"]
[EventType "swiss"]
[EventDate "2011.06.11"]

1. e4 e5 2. Nf3 Nc6 3. Bc4 Nf6 4. d3 Bc5 5. Be3 Bxe3 6. fxe3 d5 7. exd5 Nxd5 8.
Bxd5 Qxd5 9. Nc3 Qd8 10. O-O O-O 11. Qd2 Bg4 12. Rad1 Qd7 13. d4 exd4 14. exd4
Rad8 15. Ne2 Rfe8 16. c3 Qe7 17. Rde1 Qe3+ 18. Qxe3 Rxe3 19. Kf2 Re7 20. Kg3 h5
21. h3 Bxf3 22. Kxf3 Rde8 23. Kf2 g5 24. Ng3 Rxe1 25. Rxe1 Rxe1 26. Kxe1 h4 27.
Ne4 Kg7 28. Nxg5 Kg6 29. Nf3 Kh5 30. Ke2 Ne7 31. Kd3 b5 32. Ke4 f6 33. b3 c6
34. c4 a6 35. cxb5 axb5 36. a4 bxa4 37. bxa4 Nd5 38. Kf5 Ne3+ 39. Kxf6 Nxg2 40.
a5 Ne3 41. Ke6 Nc4 42. a6 Nb6 43. Kd6 Nd5 44. a7 Nb6 45. Kxc6 Na8 46. Kb7 Kg6
47. Kxa8 Kf5 48. Nxh4+ Kg5 49. Kb7 Kxh4 50. a8=Q Kxh3 51. Qg8 Kh2 52. Qg4 Kh1
53. Kc6 Kh2 54. Kd5 Kh1 55. Ke4 Kh2 56. Kf3 Kh1 57. Qg2# 1-0

[Event "DEM U12 2011"]
[Site "Oberhof GER"]
[Date "2011.06.13"]
[Round "4"]
[White "Ley, Sabrina"]
[Black "Spitzl, Vinzent"]
[Result "0-1"]
[Termination "normal"]
[Board "35"]
[WhiteElo "1156"]
[BlackElo "1701"]
[PlyCount "99"]
[WhiteFideId "12938130"]
[BlackFideId "12901253"]
[EventCountry "GER"]
[EventRounds "11"]
[EventType "swiss"]
[EventDate "2011.06.11"]

1. e4 e5 2. Nf3 Nc6 3. Bc4 Bc5 4. c3 Nf6 5. d4 exd4 6. cxd4 Bb4+ 7. Nc3 Nxe4 8.
O-O Bxc3 9. d5 Bf6 10. Re1 Ne7 11. Rxe4 d6 12. g4 h6 13. g5 hxg5 14. Nxg5 Bxg5
15. Bxg5 f6 16. Bf4 Bf5 17. Re3 Kf7 18. Qb3 Ng6 19. Bg3 Rb8 20. Rae1 a6 21. Bd3
Bxd3 22. Qxd3 Ne5 23. Bxe5 dxe5 24. Qf5 g6 25. Qe6+ Kg7 26. Rf3 Re8 27. Qh3 Qe7
28. Rg3 Rh8 29. Qf5 Qf7 30. Ree3 Rh6 31. Rg4 Rbh8 32. Reg3 g5 33. h4 Rxh4 34.
Rxh4 Rxh4 35. Rc3 Rf4 36. Qe6 Qxe6 37. dxe6 c6 38. Rd3 Rd4 39. Rb3 b5 40. Rc3
Rd6 41. Ra3 Rxe6 42. Rxa6 f5 43. b3 Kf6 44. a4 bxa4 45. bxa4 c5 46. Rxe6+ Kxe6
47. a5 Kd6 48. Kf1 Kc6 49. Ke2 Kb5 50. Ke3 0-1

[Event "DEM U12 2011"]
[Site "Oberhof GER"]
[Date "2011.06.13"]
[Round "4"]
[White "Klodt, Daniel"]
[Black "Speck, Jakob"]
[Result "1-0"]
[Termination "normal"]
[Board "36"]
[WhiteElo "1390"]
[BlackElo "987"]
[PlyCount "59"]
[WhiteFideId "12938068"]
[BlackFideId "12938181"]
[EventCountry "GER"]
[EventRounds "11"]
[EventType "swiss"]
[EventDate "2011.06.11"]

1. e4 c5 2. Nf3 e6 3. d4 cxd4 4. Nxd4 a6 5. Nc3 d6 6. Be3 Nf6 7. Be2 b5 8. a3
Bb7 9. Bf3 Qc7 10. Qd2 Be7 11. h4 Nbd7 12. O-O-O O-O 13. g4 Nc5 14. h5 Nfxe4
15. Bxe4 Nxe4 16. Nxe4 Bxe4 17. f3 Bb7 18. Rdf1 Rac8 19. g5 Qb8 20. g6 fxg6 21.
hxg6 h6 22. Bxh6 Bd5 23. Bxg7 Kxg7 24. Qh6+ Kf6 25. g7+ Ke5 26. Qe3+ Kf6 27.
gxf8=Q+ Bxf8 28. Qf4+ Ke7 29. Rh7+ Ke8 30. Qf7+ 1-0

[Event "DEM U12 2011"]
[Site "Oberhof GER"]
[Date "2011.06.13"]
[Round "4"]
[White "Niedwetzki, Jan Daniel"]
[Black "Müller, Sophie"]
[Result "1-0"]
[Termination "normal"]
[Board "37"]
[WhiteElo "1120"]
[BlackElo "1386"]
[PlyCount "37"]
[WhiteFideId "12938157"]
[BlackFideId "12926698"]
[EventCountry "GER"]
[EventRounds "11"]
[EventType "swiss"]
[EventDate "2011.06.11"]

1. e4 c6 2. Nc3 d5 3. Nf3 dxe4 4. Nxe4 Bf5 5. Ng3 Bg6 6. h4 h6 7. Ne5 Bh7 8.
Qh5 g6 9. Bc4 e6 10. Qe2 Nf6 11. Nxf7 Qe7 12. Nxh8 Bg7 13. Qxe6 Qxe6+ 14. Bxe6
Bxh8 15. Bc8 Nbd7 16. Bxb7 Rb8 17. Bxc6 Rc8 18. Bxd7+ Nxd7 19. c3 1-0

[Event "DEM U12 2011"]
[Site "Oberhof GER"]
[Date "2011.06.13"]
[Round "4"]
[White "Silber, Stefanie"]
[Black "Rogozenco, Teodora"]
[Result "0-1"]
[Termination "normal"]
[Board "38"]
[WhiteElo "1095"]
[BlackElo "1356"]
[PlyCount "78"]
[WhiteFideId "12918245"]
[BlackFideId "12938084"]
[EventCountry "GER"]
[EventRounds "11"]
[EventType "swiss"]
[EventDate "2011.06.11"]

1. e4 c5 2. Nf3 d6 3. Bb5+ Bd7 4. Bxd7+ Qxd7 5. O-O Nf6 6. Nc3 g6 7. d3 Bg7 8.
Bg5 O-O 9. Qd2 Nc6 10. Bh6 Rab8 11. Bxg7 Kxg7 12. Rfe1 b5 13. e5 dxe5 14. Nxe5
Nxe5 15. Rxe5 Qd6 16. Rae1 Ng4 17. Rxe7 Qxh2+ 18. Kf1 Qh1+ 19. Ke2 Qxg2 20. Kd1
Qxf2 21. Qxf2 Nxf2+ 22. Kc1 a6 23. R1e5 b4 24. Ne4 Nxe4 25. Rxe4 h5 26. R7e5
Rbc8 27. Kd2 Rc6 28. Rf4 f6 29. Re2 g5 30. Rf1 h4 31. Ke1 g4 32. Rg1 f5 33. Rh2
Rh6 34. Kf2 g3+ 35. Kg2 gxh2 36. Kxh2+ Rg6 37. Re1 f4 38. Re7+ Rf7 39. Re4 f3
0-1

[Event "DEM U12 2011"]
[Site "Oberhof GER"]
[Date "2011.06.13"]
[Round "4"]
[White "Trotzke, Johannes"]
[Black "Zech, Anna"]
[Result "1-0"]
[Termination "normal"]
[Board "39"]
[WhiteElo "1491"]
[BlackElo "957"]
[PlyCount "109"]
[WhiteFideId "12918105"]
[BlackFideId "12909424"]
[EventCountry "GER"]
[EventRounds "11"]
[EventType "swiss"]
[EventDate "2011.06.11"]

1. e4 Nf6 2. e5 Nd5 3. d4 d6 4. Nf3 Bg4 5. Be2 Nc6 6. h3 Bh5 7. O-O Qd7 8. exd6
cxd6 9. c4 Nf6 10. Nc3 d5 11. c5 e6 12. Ne5 Nxe5 13. dxe5 Bxe2 14. Qxe2 Ne4 15.
Nxe4 dxe4 16. Be3 Qc6 17. Rfd1 Be7 18. Qg4 Bxc5 19. Bxc5 Qxc5 20. Qxg7 Qf8 21.
Qxf8+ Kxf8 22. Rd7 b6 23. Rc1 Kg7 24. Rcc7 Rhf8 25. Kf1 a5 26. Rb7 Rab8 27. Ke2
h6 28. Ke3 Kg6 29. Kxe4 f5+ 30. exf6 Kxf6 31. Rxb8 Rxb8 32. Rd6 b5 33. Kd4 Kf5
34. Kc5 Ke5 35. Rb6 Rxb6 36. Kxb6 b4 37. Kxa5 Kf4 38. Kxb4 e5 39. a4 e4 40. a5
e3 41. fxe3+ Kxe3 42. a6 Kf2 43. a7 Kxg2 44. a8=Q+ Kxh3 45. Qh1+ Kg3 46. Qxh6
Kf3 47. Qh4 Ke3 48. Kc3 Ke2 49. Qh3 Kf2 50. Kd3 Kg1 51. Qf3 Kh2 52. Qg4 Kh1 53.
Ke2 Kh2 54. Kf2 Kh1 55. Qg1# 1-0

[Event "DEM U12 2011"]
[Site "Oberhof GER"]
[Date "2011.06.13"]
[Round "4"]
[White "Schröder, Janina"]
[Black "Weis, Olga"]
[Result "0-1"]
[Termination "normal"]
[Board "40"]
[WhiteElo "1065"]
[BlackElo "1541"]
[PlyCount "86"]
[WhiteFideId "24693138"]
[BlackFideId "1270234"]
[EventCountry "GER"]
[EventRounds "11"]
[EventType "swiss"]
[EventDate "2011.06.11"]

1. e4 d5 2. exd5 Qxd5 3. Nc3 Qd6 4. Nf3 Bg4 5. Be2 Nf6 6. h3 Bh5 7. d4 e6 8.
Bg5 Nbd7 9. O-O c6 10. Re1 Qc7 11. Bxf6 Bxf3 12. Bxf3 Nxf6 13. d5 Rd8 14. Qd4
Qb8 15. Rad1 Be7 16. d6 Bxd6 17. Ne4 Bh2+ 18. Kh1 Rxd4 19. Rxd4 Nxe4 20. Rdxe4
Bc7 21. Rb4 Bb6 22. Re2 O-O 23. Rh4 Qd8 24. Rg4 Qd1+ 25. Kh2 Bc7+ 26. g3 Bb6
27. Kg2 Qb1 28. b3 Qxa2 29. h4 Rd8 30. b4 f5 31. Rf4 Bc7 32. Rxf5 exf5 33. Kh2
Qa3 34. Kg2 Qxb4 35. Kh2 Qxh4+ 36. Kg2 Qg5 37. c4 f4 38. g4 Kf7 39. Kh2 Rd3 40.
Kg2 h5 41. Kh2 Rxf3 42. Kg2 Qxg4+ 43. Kh2 Rh3# 0-1

[Event "DEM U12 2011"]
[Site "Oberhof GER"]
[Date "2011.06.13"]
[Round "4"]
[White "Moses, Selina"]
[Black "Schmid, Katharina"]
[Result "1-0"]
[Termination "normal"]
[Board "41"]
[WhiteElo "1704"]
[BlackElo "1070"]
[PlyCount "53"]
[WhiteFideId "12908070"]
[BlackFideId "12918210"]
[EventCountry "GER"]
[EventRounds "11"]
[EventType "swiss"]
[EventDate "2011.06.11"]

1. e4 e5 2. Nf3 Nc6 3. Bc4 Nf6 4. d3 Bc5 5. O-O d6 6. c3 a6 7. Nbd2 O-O 8. h3
Ba7 9. Re1 Be6 10. Bb3 Re8 11. Nf1 h6 12. Ng3 d5 13. Qc2 Qd6 14. Nh4 d4 15.
Nhf5 Qd7 16. Qe2 Rad8 17. c4 Rc8 18. Qf3 Bxf5 19. Nxf5 Qd8 20. Bxh6 g6 21. Ng3
Kh8 22. c5 Qe7 23. Rac1 Rg8 24. Bg5 Kg7 25. h4 Rh8 26. h5 gxh5 27. Nf5+ 1-0

[Event "DEM U12 2011"]
[Site "Oberhof GER"]
[Date "2011.06.13"]
[Round "4"]
[White "Boussonville, Anna"]
[Black "Wallat, Jessica"]
[Result "0-1"]
[Termination "normal"]
[Board "42"]
[WhiteElo "996"]
[BlackElo "1277"]
[PlyCount "164"]
[WhiteFideId "12929689"]
[BlackFideId "12909637"]
[EventCountry "GER"]
[EventRounds "11"]
[EventType "swiss"]
[EventDate "2011.06.11"]

1. e4 e5 2. Nf3 Nc6 3. Bc4 Bc5 4. Nc3 Nf6 5. d3 d6 6. h3 Be6 7. Bxe6 fxe6 8.
O-O O-O 9. Be3 Bb6 10. a3 Qe8 11. Nh4 Nh5 12. Qg4 Nf4 13. Qd1 Nd4 14. Bxd4 Bxd4
15. Ne2 Bxb2 16. Ra2 Nxe2+ 17. Qxe2 Bd4 18. Nf3 Bb6 19. c3 Rf6 20. Rb2 Rh6 21.
Kh2 Qf7 22. d4 exd4 23. cxd4 c5 24. dxc5 Bxc5 25. a4 Rb8 26. Rc2 e5 27. a5 Rf8
28. Rb2 b6 29. axb6 Bxb6 30. Rc2 Qf4+ 31. Kh1 a5 32. Rc3 Rg6 33. Rfc1 h6 34.
Rf1 Kh7 35. Rfc1 Bd4 36. R3c2 a4 37. Rf1 a3 38. Rd1 Ra8 39. Rf1 Bb2 40. Nd2 Bd4
41. Nb3 Qf7 42. Na1 a2 43. Re1 Qa7 44. Rf1 Qa6 45. Qxa6 Rxa6 46. f3 Re6 47. g3
Re8 48. Kg2 Rb8 49. f4 Rb1 50. Rcc1 Bxa1 51. Rxb1 axb1=Q 52. Rxb1 Bd4 53. Kf3
h5 54. fxe5 dxe5 55. g4 hxg4+ 56. Kxg4 Ra4 57. Re1 Kg6 58. Rf1 Ra1 59. Rxa1
Bxa1 60. h4 Kh6 61. h5 g6 62. hxg6 Kxg6 63. Kh4 Kf6 64. Kg4 Ke6 65. Kg5 Kd6 66.
Kg6 Kc5 67. Kf6 Kd4 68. Kf5 Bb2 69. Kg4 Kxe4 70. Kg3 Kd3 71. Kf3 e4+ 72. Kf2
Kd2 73. Kf1 e3 74. Kg1 e2 75. Kf2 e1=Q+ 76. Kf3 Qe3+ 77. Kg4 Qf2 78. Kg5 Ke3
79. Kg6 Qf6+ 80. Kh5 Qg7 81. Kh4 Kf4 82. Kh3 Qg3# 0-1

[Event "DEM U12 2011"]
[Site "Oberhof GER"]
[Date "2011.06.13"]
[Round "4"]
[White "Semenova, Alisa"]
[Black "Uffrecht, Luise"]
[Result "1/2-1/2"]
[Termination "normal"]
[Board "43"]
[WhiteElo "1163"]
[BlackElo "958"]
[PlyCount "32"]
[WhiteFideId "1272132"]
[EventCountry "GER"]
[EventRounds "11"]
[EventType "swiss"]
[EventDate "2011.06.11"]

1. e4 e5 2. Nf3 Nc6 3. Bc4 Nf6 4. d3 Bc5 5. O-O O-O 6. c3 d5 7. exd5 Nxd5 8. b4
Be7 9. Re1 Bf6 10. Ba3 Re8 11. d4 Nb6 12. Bb5 Bd7 13. d5 Nb8 14. Bd3 Ba4 15.
Qd2 Qxd5 16. c4 Qe6 1/2-1/2

[Event "DEM U12 2011"]
[Site "Oberhof GER"]
[Date "2011.06.13"]
[Round "4"]
[White "Hoffmann, Christoph"]
[Black "Usczeck, Alina"]
[Result "1-0"]
[Termination "normal"]
[Board "44"]
[WhiteElo "1360"]
[BlackElo "1219"]
[PlyCount "59"]
[BlackFideId "12938114"]
[EventCountry "GER"]
[EventRounds "11"]
[EventType "swiss"]
[EventDate "2011.06.11"]

1. d4 d5 2. c4 c6 3. Nc3 Nf6 4. Bg5 Bf5 5. Nf3 dxc4 6. Bxf6 exf6 7. e4 Bg6 8.
Bxc4 Bd6 9. O-O f5 10. e5 Bc7 11. Qb3 Bb6 12. d5 O-O 13. e6 Qe7 14. Rfe1 fxe6
15. dxc6 Bf7 16. Bxe6 Nxc6 17. Rad1 Rad8 18. Nd5 Qc5 19. Nxb6 axb6 20. Bxf7+
Kh8 21. Rxd8 Rxd8 22. h3 Qf8 23. Qe6 f4 24. Qe8 Rxe8 25. Rxe8 Qxe8 26. Bxe8 Na7
27. Kf1 h6 28. Ke2 g5 29. h4 g4 30. Ne5 1-0

[Event "DEM U12 2011"]
[Site "Oberhof GER"]
[Date "2011.06.13"]
[Round "4"]
[White "Möller, Hannah"]
[Black "Kühn, Kolja"]
[Result "0-1"]
[Termination "normal"]
[Board "45"]
[WhiteElo "1204"]
[BlackElo "1273"]
[PlyCount "48"]
[WhiteFideId "1270514"]
[BlackFideId "12938106"]
[EventCountry "GER"]
[EventRounds "11"]
[EventType "swiss"]
[EventDate "2011.06.11"]

1. e4 e5 2. Nf3 Nc6 3. Bc4 Nf6 4. Ng5 d5 5. exd5 Na5 6. Bb5+ c6 7. dxc6 bxc6 8.
Bf1 h6 9. Nf3 e4 10. Ne5 Qd4 11. f4 Bc5 12. Qe2 Qd8 13. a3 Bd4 14. Nc3 Bf5 15.
b4 Nd5 16. Bb2 Nxf4 17. Qa6 Bxe5 18. bxa5 Qf6 19. Qb7 O-O 20. Bc4 Rfb8 21. Qa6
Bc8 22. Nxe4 Nxg2+ 23. Ke2 Bg4+ 24. Kd3 Qf3# 0-1